00740nam a2200205 a 450000500170000000800410001704100080005804400070006610000290007324500710010226000630017330000180023650001090025465000510036365000200041465000290043465000170046365000210048070000330050120200104041536.0140121b1999 ck ||||| |||| 00| 0 spa d aspa ack1 aCastro-Schmitz, Mauricio10aAnálisis ecorregional de vacíos de conservación en Colombia. aBogotá :bInstituto Alexander von Humboldt,bWWF,c1999. a81 p.c28 cm. aProyecto cobertura del Sistema Nacional de Areas Protegidas y Prioridades de conservación en Colombia. 6aSistema Nacional de Areas ProtegidaszColombia 6aSinapzColombia 6aConservaciónzColombia 6aEcorregiones 6aAreas protegidas1 aHernández M., Olga Lucía